000
00209 a2200097 4500
001
38730
100
_a
Watt
245
_a
A short history of Islam
260
_a
U S A
_b
One world
_c
1996
090
_c
24550
_d
24550
942
_a
NUST-CAE
_c
M
_c
16170
999
_c
273803
_d
273803